| Tag |
First Indicator |
Second Indicator |
Subfields |
| LEADER |
00000cam a2200000 a 4500 |
| 001 |
in00001716005 |
| 005 |
20151024190150.0 |
| 008 |
970407s1997 nyuab b 001 0 eng |
| 010 |
|
|
|a 97011941
|
| 015 |
|
|
|a GB97-68496
|
| 019 |
|
|
|a 38475008
|
| 020 |
|
|
|a 1563247739 (cloth : alk. paper)
|
| 020 |
|
|
|a 1563247747 (pbk. : alk. paper)
|
| 035 |
|
|
|a (OCoLC)ocm36739545
|
| 040 |
|
|
|a DLC
|c DLC
|d UKM
|d TXA
|d UtOrBLW
|
| 041 |
1 |
|
|a eng
|h kor
|
| 049 |
|
|
|a TXAM
|
| 050 |
0 |
0 |
|a PL955
|b .K4913 1997
|
| 082 |
0 |
0 |
|a 895.7/09
|2 21
|
| 100 |
1 |
|
|a Kim, Hŭng-gyu,
|d 1948-
|
| 240 |
1 |
0 |
|a Hanʼguk munhak ŭi ihae.
|l English
|
| 245 |
1 |
0 |
|a Understanding Korean literature /
|c Kim Hunggyu ; translated by Robert J. Fouser.
|
| 264 |
|
1 |
|a Armonk, N.Y. :
|b M.E. Sharpe,
|c [1997]
|
| 264 |
|
4 |
|c ©1997
|
| 300 |
|
|
|a xiii, 230 pages :
|b illustrations, maps ;
|c 24 cm.
|
| 336 |
|
|
|a text
|b txt
|2 rdacontent
|
| 337 |
|
|
|a unmediated
|b n
|2 rdamedia
|
| 338 |
|
|
|a volume
|b nc
|2 rdacarrier
|
| 490 |
1 |
|
|a New studies in Asian culture
|
| 504 |
|
|
|a Includes bibliographical references (pages 217-222) and index.
|
| 536 |
|
|
|a With the compliments of the Korea Foundation.
|
| 650 |
|
0 |
|a Korean literature
|x History and criticism.
|
| 700 |
1 |
|
|a Fouser, Robert.
|
| 830 |
|
0 |
|a New studies in Asian culture.
|
| 948 |
|
|
|a cataloged
|b h
|c 2003/1/7
|d c
|e jgreene
|f 11:45:47 am
|
| 994 |
|
|
|a E0
|b TXA
|
| 999 |
|
|
|a MARS
|
| 999 |
f |
f |
|s 601c4c5a-ed36-3972-be9b-41b097042cde
|i c54d3dd7-a66a-3f0c-9c16-3fa6cbcd7b6c
|t 0
|
| 952 |
f |
f |
|p ric
|a Texas A&M University
|b Rellis Campus
|c Joint Library Facility
|s JLF
|d Remote Storage
|t 0
|e PL955 .K4913 1997
|h Library of Congress classification
|i unmediated -- volume
|m A14829597291
|
| 998 |
f |
f |
|a PL955 .K4913 1997
|t 0
|l Remote Storage
|